[Event "Niederrhein-ch"]
[Site "Niederrhein"]
[Date "2005.03.25"]
[Round "8"]
[White "Ramrath, Bernhard"]
[Black "Babaev, Mikhail"]
[Result "0-1"]
[WhiteElo "1650"]
[BlackElo "1742"]
[PlyCount "66"]
[EventDate "2005.03.18"]
[EventType "swiss"]
[EventRounds "9"]
[EventCountry "GER"]
[SourceTitle "CBM 105 Extra"]
[Source "ChessBase"]
[SourceDate "2005.05.01"]
[SourceVersion "1"]
[SourceVersionDate "2005.05.01"]
[SourceQuality "1"]

1. e4 Nf6 2. d3 e5 3. Nf3 Nc6 4. Bg5 Bc5 5. Be2 d6 6. c3 h6 7. Bh4 Be6 8. 0-0 g5 9. Bg3 Bb6 10. d4 g4 11. Ne1 exd4 12. Bh4 h5 13. Qd2 Nxe4 14. Bxd8 Nxd2 15. Nxd2 Rxd8 16. c4 Ne5 17. Rc1 Bf5 18. a3 Rg8 19. g3 d3 20. Bd1 Bd4 21. Rb1 h4 22. gxh4 g3 23. Nef3 Bxf2+ 24. Rxf2 gxf2+ 25. Kxf2 Ng4+ 26. Ke1 Kd7 27. Nb3 Rde8+ 28. Kd2 Nxh2 29. Nfd4 Rg2+ 30. Kc3 Bh7 31. Bh5 c5 32. Nb5 d2 33. Nxc5+ dxc5 0-1

[Event "Niederrhein-ch"]
[Site "Niederrhein"]
[Date "2005.03.24"]
[Round "7"]
[White "Feldhaus, Sebastian"]
[Black "Ramrath, Bernhard"]
[Result "1/2-1/2"]
[WhiteElo "1769"]
[BlackElo "1650"]
[PlyCount "36"]
[EventDate "2005.03.18"]
[EventType "swiss"]
[EventRounds "9"]
[EventCountry "GER"]
[SourceTitle "CBM 105 Extra"]
[Source "ChessBase"]
[SourceDate "2005.05.01"]
[SourceVersion "1"]
[SourceVersionDate "2005.05.01"]
[SourceQuality "1"]

1. Nc3 c5 2. Nf3 d6 3. d4 cxd4 4. Nxd4 g6 5. g3 Nc6 6. Bg2 Bd7 7. 0-0 Bg7 8. Be3 Nf6 9. Qd2 0-0 10. Rad1 Ng4 11. Nxc6 Bxc6 12. Bd4 Ne5 13. b3 Qc7 14. Bxc6 Qxc6 15. f4 Ng4 16. Bxg7 Kxg7 17. Nd5 Qc5+ 18. Qd4+ Qxd4+ 1/2-1/2

[Event "Niederrhein-ch"]
[Site "Niederrhein"]
[Date "2005.03.18"]
[Round "1"]
[White "Ramrath, Bernhard"]
[Black "Henk, Martin"]
[Result "0-1"]
[WhiteElo "1650"]
[BlackElo "2013"]
[PlyCount "62"]
[EventDate "2005.03.18"]
[EventType "swiss"]
[EventRounds "9"]
[EventCountry "GER"]
[SourceTitle "CBM 105 Extra"]
[Source "ChessBase"]
[SourceDate "2005.05.01"]
[SourceVersion "1"]
[SourceVersionDate "2005.05.01"]
[SourceQuality "1"]

1. e4 e5 2. Nf3 Nc6 3. d3 Nf6 4. Be3 d5 5. exd5 Nxd5 6. Be2 Nxe3 7. fxe3 Bc5 8. e4 0-0 9. Nc3 Be6 10. Qd2 b5 11. h3 Nd4 12. b3 Nxf3+ 13. gxf3 b4 14. Na4 Qh4+ 15. Kd1 Bd4 16. c3 bxc3 17. Nxc3 Qf2 18. Kc2 Be3 19. Qe1 Qg2 20. h4 f5 21. Rd1 fxe4 22. dxe4 Rxf3 23. Kb1 Rf4 24. Bc4 Bxc4 25. Qxe3 Bf7 26. Rdg1 Qf3 27. Qxf3 Rxf3 28. Nb5 Bg6 29. Nxc7 Bxe4+ 30. Kb2 Rc8 31. Nd5 Bxd5 0-1